Normal view
MARC view
- Dr k.k Sathyan
Entry Personal Name
001 - CONTROL NUMBER
- control field: 5336
003 - CONTROL NUMBER IDENTIFIER
- control field: OSt
005 - DATE AND TIME OF LATEST TRANSACTION
- control field: 20221201152957.0
008 - FIXED-LENGTH DATA ELEMENTS
- fixed length control field: 221201|| aca||aabn | a|a d
040 ## - CATALOGING SOURCE
- Original cataloging agency: OSt
- Transcribing agency: OSt
100 ## - HEADING--PERSONAL NAME
- Personal name: Dr k.k Sathyan
670 ## - SOURCE DATA FOUND
- Source citation: Work cat.: (OSt)17596: AKHIL, PRASAD AMRITHA VARSHA ,P APARNA, T ARCHA LAKSHMI, SOJAN 5335, COMPARATIVE ASSESMENT OF DIGITAL ELEVATION MODELS ( DEMS ) IN THE MORPHOMETRIC ANALYSIS OF BHARATHAPUZHA RIVER BASIN, 2022
